000 01443cam a22002771i 4500
003 SA-RiAUC
005 20250627150230.0
008 250625s2005 le a g 000 p ara c
040 _aSA-JeALM
_bara
_cSA-RiAUC
_erda
050 4 _bS25 2005
082 0 4 _a811.054
_qSA-RiAUC
090 _a811.054
_bص ل ا
100 1 _aصلاح الدين الصفدي، خليل بن أيبك بن عبد الله،
_d696-764 هجري
_eمؤلف.
245 1 0 _aكشف الحال في وصف الخال /
_cصلاح الدين الصفدي ؛ دراسة وتحقيق عبد الرحمن بن محمد بن عمر العقيل.
250 _aالطبعة الأولى.
264 1 _aالرياض - السعودية :
_aبيروت :
_bعبدالرحمن بن محمد العقيل،
_bالدار العربية للموسوعات.
_c2005
300 _a368 صفحة :
_bإيضاحيات ؛
_c24 سم
336 _aنص
_btxt
_2rdacontent
_3كتاب
337 _aبدون وسيط
_bn
_2rdamedia
338 _aمجلد
_bnc
_2rdacarrier
650 7 _aالشعر العربي الوصفي
_yالعصر المملوكي
_2aucsh
700 1 2 _iترجمة لـ :
_aصلاح الدين الصفدي، خليل بن أيبك بن عبد الله،
_d696-764 هجري.
_tكشف الحال في وصف الخال
700 1 _aالعقيل، عبد الرحمن محمد عمر
_eمحقق.
942 _2ddc
_cBOOK
_n0
949 _aSA-JeALM
_d250625
_uosman123
_n1
999 _c9240
_d9240